Torres strait prawn fishery: an economic analysis

Guardado en:
Detalles Bibliográficos
Autores principales: Reid, Chris (Autor), Collins, Peter (Autor), Battaglene, Tony (Autor)
Formato: Libro
Lenguaje:inglés
Publicado: Canberra ABARE 1993
Materias:
Etiquetas: Agregar Etiqueta
Sin Etiquetas, Sea el primero en etiquetar este registro!

MARC

LEADER 00000nam a2200000 a 4500
001 UCY2585
003 CL-VaPUC
008 941104e19930000AT |||||||||||||||||eng|d
082 0 4 |a 639.543  |b REI  |2 21 
100 0 |a Reid, Chris  |e author  |9 330641 
700 0 |a Collins, Peter  |e author  |9 330642 
700 0 |a Battaglene, Tony  |e author  |9 330643 
245 1 0 |a Torres strait prawn fishery: an economic analysis 
300 |a 52 p 
942 |c BK 
945 |d 19941104 00:00:00  |a mfernand 
260 |a Canberra  |b ABARE  |c 1993 
650 7 |a LANGOSTINOS  |2 CL-VaPUC  |9 330644 
583 |a last modification  |c 20180621 15:01:51  |k Rodrigo Vera 
999 |c 230952  |d 230950 
952 |0 0  |1 0  |4 0  |6 639_543000000000000_REI_1993  |7 0  |8 CCM  |9 233646  |a BIBCUR  |b BIBCUR  |d 2019-11-15  |i 3034038  |o 639.543 REI 1993  |p 3034038  |r 2025-04-22  |w 2019-11-15  |y BK  |k CIM